[Event "WchT Seniors 65"]
[Site "Prague"]
[Date "2020.03.07"]
[Round "2.6"]
[White "Chevelevitch, Evgueni"]
[Black "Beltz, Robert"]
[Result "1-0"]
[WhiteElo "2391"]
[BlackElo "2158"]
[PlyCount "77"]
[EventDate "2020.03.06"]
[EventType "team-swiss"]
[EventRounds "7"]
[EventCountry "CZE"]
[SourceTitle "CBM 195 Extra"]
[Source "ChessBase"]
[SourceDate "2020.05.31"]
[SourceVersion "1"]
[SourceVersionDate "2020.05.31"]
[SourceQuality "1"]
[WhiteTeam "Germany 65"]
[BlackTeam "Germany 65 VII"]
[WhiteTeamCountry "GER"]
[BlackTeamCountry "GER"]

1. e4 c5 2. Nf3 d6 3. d4 cxd4 4. Nxd4 Nf6 5. Nc3 a6 6. Be2 e5 7. Nb3 Be7 8. 0-0 b5 9. a4 b4 10. Nd5 Bb7 11. Bc4 0-0 12. Nxf6+ Bxf6 13. Bd5 Qc7 14. Na5 Qxa5 15. Bxb7 Ra7 16. Bd5 Nd7 17. Bd2 Nc5 18. c3 bxc3 19. Bxc3 Qb6 20. b4 Ne6 21. Bxe6 fxe6 22. Qb3 Re8 23. Rfd1 Rd7 24. Rd3 d5 25. Rdd1 d4 26. Bd2 Rc8 27. a5 Qd6 28. b5 axb5 29. Qxb5 Rb8 30. Qa4 Ra7 31. Rdb1 Be7 32. Rb5 Kf7 33. Qb3 Rc8 34. Rb6 Rc6 35. Rb8 Qc7 36. Qf3+ Bf6 37. Qh5+ Ke7 38. Qe8+ Kd6 39. Bb4+ 1-0

[Event "Wch Seniors 65 29th"]
[Site "Bucharest"]
[Date "2019.11.21"]
[Round "9"]
[White "Lind, Jan Olov"]
[Black "Chevelevitch, Evgueni"]
[Result "0-1"]
[WhiteElo "2148"]
[BlackElo "2411"]
[PlyCount "94"]
[EventDate "2019.11.12"]
[EventType "swiss"]
[EventRounds "11"]
[EventCountry "ROU"]
[SourceTitle "CBM 193 Extra"]
[Source "ChessBase"]
[SourceDate "2020.01.31"]
[SourceVersion "1"]
[SourceVersionDate "2020.01.31"]
[SourceQuality "1"]

1. e4 e5 2. Nf3 Nc6 3. Be2 Nf6 4. d3 d5 5. Nbd2 Bd6 6. 0-0 0-0 7. c3 a5 8. Re1 a4 9. Bf1 h6 10. Qc2 Re8 11. g3 Be6 12. Bg2 dxe4 13. Nxe4 Nxe4 14. dxe4 Na5 15. Nh4 Nc4 16. Nf5 Bc5 17. Qe2 Qf6 18. Qf3 Kh7 19. h4 Bxf5 20. exf5 Nd6 21. Bh3 e4 22. Qh5 e3 23. Bxe3 Bxe3 24. Rxe3 Rxe3 25. fxe3 a3 26. Qe2 Qe5 27. Kh2 axb2 28. Qxb2 Qxe3 29. Rg1 Ne4 30. Rg2 Rd8 31. Qe2 Rd3 32. f6 g6 33. h5 Nxf6 34. hxg6+ Kxg6 35. Qb2 Rxc3 36. Qxb7 Rc1 37. Qb4 c5 38. Qd2 Qxd2 39. Rxd2 Ne4 40. Re2 Nc3 41. Rf2 Ra1 42. Bf5+ Kg7 43. Kh3 Rxa2 44. Rf3 Ne2 45. Rf2 c4 46. Bb1 Rb2 47. Be4 c3 0-1

[Event "Bodensee Seniors op"]
[Site "Bregenz"]
[Date "2019.05.27"]
[Round "2"]
[White "Kierzek, Mira"]
[Black "Chevelevitch, Evgueni"]
[Result "0-1"]
[WhiteElo "1978"]
[BlackElo "2417"]
[PlyCount "104"]
[EventDate "2019.05.26"]
[EventType "swiss"]
[EventRounds "7"]
[EventCountry "AUT"]
[SourceTitle "CBM 190 Extra"]
[Source "ChessBase"]
[SourceDate "2019.07.15"]
[SourceVersion "1"]
[SourceVersionDate "2019.07.15"]
[SourceQuality "1"]

1. d4 Nf6 2. Nf3 g6 3. Nc3 d5 4. Bf4 Bg7 5. Nb5 Na6 6. e3 c6 7. Nc3 Qb6 8. Rb1 Bf5 9. a3 0-0 10. h3 c5 11. Bd3 cxd4 12. exd4 Bxd3 13. Qxd3 Nb8 14. 0-0 Nbd7 15. Rfe1 e6 16. Rec1 Rfc8 17. Ne2 Qa5 18. Nc3 a6 19. b4 Qd8 20. Na4 b6 21. Nb2 b5 22. a4 Qb6 23. a5 Qc6 24. Be3 Ne4 25. Nd1 Qd6 26. Nd2 Nxd2 27. Qxd2 Nf6 28. f3 e5 29. dxe5 Qxe5 30. Bd4 Ne4 31. fxe4 Qxd4+ 32. Qf2 Qxe4 33. Kh1 Bh6 34. Nb2 Bxc1 35. Rxc1 Qxb4 36. Nd3 Qc3 37. Qf3 Qd4 38. Rf1 Ra7 39. Rf2 Rac7 40. Kh2 Qe4 41. Qf6 Qe6 42. Qb2 Rc3 43. Qb1 R8c4 44. Kh1 Re4 45. Qb2 d4 46. Qb4 Qe7 47. Qxe7 Rxe7 48. Nb4 Re6 49. Rd2 Rc4 50. Nd5 Ra4 51. Nc7 Rd6 52. Re2 Rc4 0-1

[Event "Bodensee Seniors op"]
[Site "Bregenz"]
[Date "2019.05.26"]
[Round "1"]
[White "Chevelevitch, Evgueni"]
[Black "Peterlunger, Erich"]
[Result "1-0"]
[WhiteElo "2417"]
[BlackElo "1853"]
[PlyCount "61"]
[EventDate "2019.05.26"]
[EventType "swiss"]
[EventRounds "7"]
[EventCountry "AUT"]
[SourceTitle "CBM 190 Extra"]
[Source "ChessBase"]
[SourceDate "2019.07.15"]
[SourceVersion "1"]
[SourceVersionDate "2019.07.15"]
[SourceQuality "1"]

1. e4 c5 2. Nf3 Nc6 3. d4 cxd4 4. Nxd4 Nf6 5. Nc3 e5 6. Ndb5 d6 7. Bg5 Be7 8. Bxf6 gxf6 9. Nd5 0-0 10. Nxe7+ Qxe7 11. Qxd6 Qxd6 12. Nxd6 Nd4 13. 0-0-0 Rd8 14. Nb5 Be6 15. Nxd4 exd4 16. Be2 a5 17. Rd2 a4 18. a3 f5 19. Bf3 Rab8 20. Rhd1 b5 21. Rxd4 Rdc8 22. exf5 Bxf5 23. Be4 Be6 24. Bd3 Kg7 25. Re1 Rc5 26. Re3 Rb6 27. Rg3+ Kf8 28. Rh4 h5 29. Rd4 Re5 30. Kd2 Bf5 31. Rg5 1-0

[Event "EU-ch Seniors 65 19th"]
[Site "Rhodes"]
[Date "2019.04.14"]
[Round "9"]
[White "Chevelevitch, Evgueni"]
[Black "Vinke, Dietmar"]
[Result "1-0"]
[WhiteElo "2416"]
[BlackElo "2116"]
[PlyCount "69"]
[EventDate "2019.04.06"]
[EventType "swiss"]
[EventRounds "9"]
[EventCountry "GRE"]
[SourceTitle "CBM 189 Extra"]
[Source "ChessBase"]
[SourceDate "2019.06.03"]
[SourceVersion "1"]
[SourceVersionDate "2019.06.03"]
[SourceQuality "1"]

1. e4 c6 2. d4 d5 3. Nc3 g6 4. h3 Bg7 5. Nf3 dxe4 6. Nxe4 Bf5 7. Ng3 Nf6 8. Nxf5 gxf5 9. Bd3 e6 10. Qe2 Nbd7 11. Bd2 Qb6 12. 0-0-0 0-0-0 13. c3 h6 14. Bf4 Nd5 15. Bh2 Qa5 16. Bc4 b5 17. Bb3 Kb7 18. Kb1 Qb6 19. g4 fxg4 20. hxg4 a5 21. a3 Bf6 22. Nd2 Be7 23. Ne4 N7f6 24. Be5 Nxe4 25. Qxe4 f6 26. Bg3 Bxa3 27. Qxe6 Rhe8 28. Qf5 Re2 29. Bxd5 Rxb2+ 30. Ka1 cxd5 31. Rxh6 Qc6 32. Rh7+ Ka8 33. Rc7 Qa6 34. Rh1 b4 35. Qxd5+ 1-0

[Event "EU-ch Seniors 65 19th"]
[Site "Rhodes"]
[Date "2019.04.08"]
[Round "3"]
[White "Chevelevitch, Evgueni"]
[Black "Ruckschloss, Karol"]
[Result "1-0"]
[WhiteElo "2416"]
[BlackElo "2222"]
[PlyCount "85"]
[EventDate "2019.04.06"]
[EventType "swiss"]
[EventRounds "9"]
[EventCountry "GRE"]
[SourceTitle "CBM 189 Extra"]
[Source "ChessBase"]
[SourceDate "2019.06.03"]
[SourceVersion "1"]
[SourceVersionDate "2019.06.03"]
[SourceQuality "1"]

1. e4 e6 2. d4 d5 3. Nd2 Nf6 4. e5 Nfd7 5. Bd3 c5 6. c3 Nc6 7. Ne2 cxd4 8. cxd4 Nb4 9. Bb1 b5 10. h4 Nb6 11. h5 f5 12. exf6 gxf6 13. Nf3 Bd6 14. Bf4 Qc7 15. Bxd6 Qxd6 16. 0-0 Bd7 17. Qc1 Nc6 18. Bd3 Nb4 19. Bb1 Nc6 20. Qh6 Qf8 21. Qf4 0-0-0 22. Nc3 e5 23. Qe3 Nc4 24. Qc1 Bg4 25. Nh2 Qg8 26. b3 Bh3 27. g3 Bxf1 28. Kxf1 exd4 29. Nxb5 N4e5 30. Nxa7+ Kb7 31. Nxc6 Nxc6 32. Qc5 Qf8 33. Qb5+ Kc7 34. Bd3 Qa3 35. Re1 Rd6 36. Bb1 Qb2 37. Nf3 Qc3 38. Nh4 Rb8 39. Qe2 Rd7 40. Nf5 Rg8 41. Rd1 Rg5 42. Kg2 Nb4 43. Nxd4 1-0

[Event "EU-ch Seniors 65 19th"]
[Site "Rhodes"]
[Date "2019.04.07"]
[Round "2"]
[White "Jackson, Oliver A"]
[Black "Chevelevitch, Evgueni"]
[Result "0-1"]
[WhiteElo "2131"]
[BlackElo "2416"]
[PlyCount "74"]
[EventDate "2019.04.06"]
[EventType "swiss"]
[EventRounds "9"]
[EventCountry "GRE"]
[SourceTitle "CBM 189 Extra"]
[Source "ChessBase"]
[SourceDate "2019.06.03"]
[SourceVersion "1"]
[SourceVersionDate "2019.06.03"]
[SourceQuality "1"]

1. e4 e5 2. Nc3 Nf6 3. f4 d5 4. fxe5 Nxe4 5. Nf3 Be7 6. Qe2 Nxc3 7. dxc3 c5 8. Bf4 Nc6 9. 0-0-0 Qa5 10. a3 Be6 11. Bg5 h6 12. Bxe7 Nxe7 13. Qb5+ Qxb5 14. Bxb5+ Bd7 15. Bxd7+ Kxd7 16. c4 Ke6 17. cxd5+ Nxd5 18. c4 Nb6 19. Rd6+ Ke7 20. Rhd1 Rhd8 21. b3 Rxd6 22. Rxd6 Rd8 23. Rxd8 Kxd8 24. Kd2 Ke7 25. Ke3 Ke6 26. Ke4 Nd7 27. b4 g5 28. h3 Nxe5 29. Nxe5 f5+ 30. Ke3 Kxe5 31. bxc5 f4+ 32. Kd3 h5 33. a4 a5 34. Ke2 Ke4 35. Kf2 g4 36. hxg4 hxg4 37. Ke2 Ke5 0-1

[Event "Hamburg-ch MA"]
[Site "Hamburg"]
[Date "2012.06.02"]
[Round "8"]
[White "Chevelevitch, Evgueni"]
[Black "Reddmann, Hauke"]
[Result "1/2-1/2"]
[WhiteElo "2443"]
[BlackElo "2321"]
[PlyCount "59"]
[EventDate "2012.05.26"]
[EventType "swiss"]
[EventRounds "9"]
[EventCountry "GER"]
[SourceTitle "CBM 148 Extra"]
[Source "ChessBase"]
[SourceDate "2012.06.22"]
[SourceVersion "1"]
[SourceVersionDate "2012.06.22"]
[SourceQuality "1"]

1. e4 c5 2. Nf3 d6 3. d4 cxd4 4. Nxd4 Nf6 5. Nc3 a6 6. Be2 e6 7. f4 Qc7 8. 0-0 Nc6 9. Kh1 Be7 10. a4 Bd7 11. Nb3 0-0 12. a5 Na7 13. e5 Ne8 14. exd6 Nxd6 15. Be3 Bc6 16. Bb6 Qb8 17. Nd4 Nac8 18. Nxc6 bxc6 19. Bd4 Nf5 20. Be5 Bd6 21. Bxd6 Ncxd6 22. Qe1 Nd4 23. Bd3 c5 24. Qe3 N6f5 25. Qf2 Qxb2 26. Na4 Qb7 27. Nxc5 Qc6 28. Na4 Nb5 29. Nb6 Rad8 30. Rfb1 1/2-1/2

[Event "Hamburg-ch MA"]
[Site "Hamburg"]
[Date "2012.05.29"]
[Round "4"]
[White "Wenzel, Birger"]
[Black "Chevelevitch, Evgueni"]
[Result "1/2-1/2"]
[WhiteElo "2038"]
[BlackElo "2443"]
[PlyCount "74"]
[EventDate "2012.05.26"]
[EventType "swiss"]
[EventRounds "9"]
[EventCountry "GER"]
[SourceTitle "CBM 148 Extra"]
[Source "ChessBase"]
[SourceDate "2012.06.22"]
[SourceVersion "1"]
[SourceVersionDate "2012.06.22"]
[SourceQuality "1"]

1. c4 Nf6 2. g3 e5 3. Bg2 d5 4. cxd5 Nxd5 5. Nc3 Nb6 6. Nf3 Nc6 7. 0-0 Be7 8. a3 0-0 9. b4 Be6 10. Rb1 f6 11. d3 Kh8 12. Bb2 Qd7 13. Nd2 Bh3 14. Nb3 Bxg2 15. Kxg2 f5 16. Nc5 Bxc5 17. bxc5 Nd5 18. Qb3 Nxc3 19. Bxc3 Rab8 20. Qc4 Rfd8 21. f4 Re8 22. Rb2 Rbd8 23. Rf2 b6 24. Rc2 h6 25. fxe5 Nxe5 26. Qf4 Qd5+ 27. Kg1 Qxc5 28. Bxe5 Qxe5 29. Qxe5 Rxe5 30. Rxc7 a5 31. Rb7 Rd6 32. Kf1 h5 33. Rf4 Rde6 34. e4 fxe4 35. dxe4 Rxe4 36. Rxe4 Rxe4 37. Rxb6 Ra4 1/2-1/2

[Event "Hamburg-ch MA"]
[Site "Hamburg"]
[Date "2012.05.28"]
[Round "3"]
[White "Chevelevitch, Evgueni"]
[Black "Atri, Jamshid"]
[Result "1-0"]
[WhiteElo "2443"]
[BlackElo "2049"]
[PlyCount "53"]
[EventDate "2012.05.26"]
[EventType "swiss"]
[EventRounds "9"]
[EventCountry "GER"]
[SourceTitle "CBM 148 Extra"]
[Source "ChessBase"]
[SourceDate "2012.06.22"]
[SourceVersion "1"]
[SourceVersionDate "2012.06.22"]
[SourceQuality "1"]

1. e4 Nc6 2. Nf3 e5 3. Bb5 Nf6 4. 0-0 Nxe4 5. d4 Nd6 6. Bxc6 bxc6 7. dxe5 Nb7 8. Re1 Be7 9. Nc3 0-0 10. Bf4 d5 11. exd6 cxd6 12. Nd4 Bd7 13. Qf3 Rc8 14. Rad1 Re8 15. Ne4 d5 16. Ng3 Bf8 17. Ndf5 Qf6 18. Be3 Re6 19. c4 Rce8 20. cxd5 cxd5 21. Qxd5 Bc6 22. Qd4 Re5 23. Qc3 g6 24. Bd4 Rxe1+ 25. Rxe1 Rxe1+ 26. Qxe1 Qd8 27. Qe5 1-0

[Event "Hamburg-ch MA"]
[Site "Hamburg"]
[Date "2010.05.29"]
[Round "8.1"]
[White "Chevelevitch, Evgueni"]
[Black "Bracker, Frank"]
[Result "1/2-1/2"]
[WhiteElo "2444"]
[BlackElo "2274"]
[PlyCount "37"]
[EventDate "2010.05.22"]
[EventType "swiss"]
[EventRounds "9"]
[EventCountry "GER"]
[SourceTitle "EXT 2011"]
[Source "ChessBase"]
[SourceDate "2010.11.26"]
[SourceVersion "1"]
[SourceVersionDate "2010.11.26"]
[SourceQuality "1"]

1. e4 c5 2. Nf3 d6 3. d4 cxd4 4. Nxd4 Nf6 5. Nc3 a6 6. Be2 e5 7. Nb3 Be7 8. 0-0 0-0 9. Re1 Be6 10. Bf3 Qc7 11. a4 Rc8 12. Nd2 Nc6 13. Nb3 Nb8 14. Be3 Nbd7 15. a5 h6 16. Qd2 Rab8 17. Ba7 Ra8 18. Be3 Rab8 19. Ba7 1/2-1/2

[Event "Hamburg-ch MA"]
[Site "Hamburg"]
[Date "2010.05.23"]
[Round "2.4"]
[White "Hebbinghaus, Holger"]
[Black "Chevelevitch, Evgueni"]
[Result "1-0"]
[WhiteElo "2202"]
[BlackElo "2444"]
[PlyCount "77"]
[EventDate "2010.05.22"]
[EventType "swiss"]
[EventRounds "9"]
[EventCountry "GER"]
[SourceTitle "EXT 2011"]
[Source "ChessBase"]
[SourceDate "2010.11.26"]
[SourceVersion "1"]
[SourceVersionDate "2010.11.26"]
[SourceQuality "1"]

1. d4 Nf6 2. Nf3 g6 3. Nc3 d5 4. Bf4 Bg7 5. e3 0-0 6. Be2 c5 7. Ne5 Nc6 8. 0-0 cxd4 9. exd4 Qb6 10. Nxc6 Qxc6 11. Bb5 Qb6 12. a4 a6 13. a5 Qd8 14. Be2 Bf5 15. Re1 Bd7 16. Bf3 Bc6 17. Qd2 Re8 18. h3 Rc8 19. Be5 Qd7 20. Qf4 Qf5 21. Qd2 h5 22. Rad1 Kh7 23. Qd3 Qxd3 24. Rxd3 e6 25. g3 Red8 26. Kg2 Ne8 27. Bxg7 Kxg7 28. Nd1 Nd6 29. b3 Bb5 30. Rd2 Rc7 31. Ne3 Rdc8 32. g4 h4 33. Rb1 Rc3 34. Rb2 g5 35. Kh2 f6 36. Bg2 Be8 37. Nd1 R3c7 38. Ne3 Bg6 39. c4 1-0

[Event "Hamburg-ch MA"]
[Site "Hamburg"]
[Date "2010.05.22"]
[Round "1.1"]
[White "Chevelevitch, Evgueni"]
[Black "Schroeder, Christoph"]
[Result "1/2-1/2"]
[WhiteElo "2444"]
[BlackElo "2153"]
[PlyCount "75"]
[EventDate "2010.05.22"]
[EventType "swiss"]
[EventRounds "9"]
[EventCountry "GER"]
[SourceTitle "EXT 2011"]
[Source "ChessBase"]
[SourceDate "2010.11.26"]
[SourceVersion "1"]
[SourceVersionDate "2010.11.26"]
[SourceQuality "1"]

1. e4 c5 2. Nf3 d6 3. d4 cxd4 4. Nxd4 Nf6 5. Nc3 g6 6. Bc4 Bg7 7. 0-0 0-0 8. Re1 Nc6 9. h3 Nxd4 10. Qxd4 Be6 11. Bxe6 fxe6 12. Qb4 Qd7 13. Be3 Rfc8 14. Qb3 Kh8 15. Rad1 Ne8 16. Nb5 b6 17. Nd4 Nc7 18. f4 e5 19. fxe5 Bxe5 20. Nf3 Bg7 21. Ng5 h6 22. Nf3 Qe6 23. Qxe6 Nxe6 24. c3 Rc4 25. Bf2 Nf4 26. Bg3 Rf8 27. Bxf4 Rxf4 28. e5 dxe5 29. Rd7 e4 30. Nd2 Ra4 31. a3 Bf6 32. g3 Rf5 33. Rxe4 Rxe4 34. Nxe4 a5 35. Kg2 a4 36. Nxf6 exf6 37. Rd4 Rb5 38. Rd2 1/2-1/2

[Event "BL2-Nord 0910"]
[Site "Germany"]
[Date "2010.02.07"]
[Round "6.1"]
[White "Chevelevitch, Evgueni"]
[Black "Figura, Atila Gajo"]
[Result "1/2-1/2"]
[WhiteElo "2210"]
[BlackElo "2415"]
[PlyCount "32"]
[EventDate "2009.10.18"]
[EventType "team-tourn"]
[EventRounds "9"]
[EventCountry "GER"]
[SourceTitle "EXT 2011"]
[Source "ChessBase"]
[SourceDate "2010.11.26"]
[SourceVersion "1"]
[SourceVersionDate "2010.11.26"]
[SourceQuality "1"]
[WhiteTeam "Hamburger SK"]
[BlackTeam "Kreuzberg"]
[WhiteTeamCountry "GER"]
[BlackTeamCountry "GER"]

1. e4 c5 2. Nf3 d6 3. d4 cxd4 4. Nxd4 Nf6 5. Nc3 a6 6. Be2 e5 7. Nb3 Be7 8. 0-0 0-0 9. Re1 Be6 10. Bf3 Nbd7 11. a4 Rc8 12. a5 Qc7 13. Nd2 Nb8 14. Nb3 Nbd7 15. Nd2 Nb8 16. Nb3 Nbd7 1/2-1/2

[Event "BL2-Nord 0809"]
[Site "Germany"]
[Date "2008.12.14"]
[Round "4.1"]
[White "Berger, Steve"]
[Black "Chevelevitch, Evgueni"]
[Result "1/2-1/2"]
[WhiteElo "2405"]
[BlackElo "2460"]
[PlyCount "37"]
[EventDate "2008.10.05"]
[EventType "team-tourn"]
[EventRounds "9"]
[EventCountry "GER"]
[SourceTitle "CBM 129 Extra"]
[Source "ChessBase"]
[SourceDate "2009.05.05"]
[SourceVersion "2"]
[SourceVersionDate "2009.05.20"]
[SourceQuality "1"]
[WhiteTeam "Kreuzberg II"]
[BlackTeam "Hamburger SK II"]
[WhiteTeamCountry "GER"]
[BlackTeamCountry "GER"]

1. e4 e5 2. Nf3 Nc6 3. d4 exd4 4. Nxd4 Bc5 5. Nxc6 bxc6 6. Bc4 Qh4 7. 0-0 Nf6 8. g3 Qh3 9. Qf3 0-0 10. Bg5 Ng4 11. Qg2 Qxg2+ 12. Kxg2 Re8 13. Nd2 d6 14. Nb3 Bb6 15. Rae1 Ne5 16. Be2 Nd7 17. Bg4 Nc5 18. Bxc8 Raxc8 19. Nxc5 1/2-1/2

[Event "BL2-Nord 0809"]
[Site "Germany"]
[Date "2008.10.05"]
[Round "1.1"]
[White "Chevelevitch, Evgueni"]
[Black "Rosenthal, Dirk"]
[Result "1-0"]
[WhiteElo "2460"]
[BlackElo "2395"]
[PlyCount "91"]
[EventDate "2008.10.05"]
[EventType "team-tourn"]
[EventRounds "9"]
[EventCountry "GER"]
[SourceTitle "CBM 129 Extra"]
[Source "ChessBase"]
[SourceDate "2009.05.05"]
[SourceVersion "2"]
[SourceVersionDate "2009.05.20"]
[SourceQuality "1"]
[WhiteTeam "Hamburger SK II"]
[BlackTeam "Oberschoeneweide"]
[WhiteTeamCountry "GER"]
[BlackTeamCountry "GER"]

1. e4 e6 2. d4 d5 3. Nd2 Nf6 4. e5 Nfd7 5. Bd3 c5 6. c3 Nc6 7. Ne2 cxd4 8. cxd4 f6 9. exf6 Nxf6 10. Nf3 Bd6 11. 0-0 Qc7 12. Bg5 0-0 13. Rc1 Bd7 14. Nc3 a6 15. Na4 Rae8 16. a3 Re7 17. Re1 Bf4 18. Bxf4 Qxf4 19. Nc5 e5 20. dxe5 Nxe5 21. Rxe5 Rxe5 22. g3 Rg5 23. Nxg5 Qxg5 24. f4 Qh6 25. Nxd7 Nxd7 26. Qb3 Qe6 27. Kg2 b5 28. Rc2 Nf6 29. Re2 Qc6 30. Qc2 Qd6 31. Bf5 d4 32. Qb3+ Kh8 33. Qe6 Qc5 34. Rc2 Qd5+ 35. Qxd5 Nxd5 36. Rc8 Rxc8 37. Bxc8 a5 38. Kf3 d3 39. Be6 Nb6 40. b3 a4 41. Ke3 b4 42. bxa4 bxa3 43. a5 Nc8 44. Kxd3 Na7 45. a6 Nb5 46. Bc4 1-0

[Event "GER-ch 79th"]
[Site "Bad Woerishofen "]
[Date "2008.02.22"]
[Round "8"]
[White "Tischbierek, Raj"]
[Black "Chevelevitch, Evgueni"]
[Result "0-1"]
[WhiteElo "2487"]
[BlackElo "2456"]
[PlyCount "88"]
[EventDate "2008.02.15"]
[EventType "swiss"]
[EventRounds "9"]
[EventCountry "GER"]
[SourceTitle "CBM 122 Extra"]
[Source "ChessBase"]
[SourceDate "2008.03.04"]
[SourceVersion "1"]
[SourceVersionDate "2008.03.04"]
[SourceQuality "1"]

1. g3 e5 2. Bg2 d5 3. d3 Nf6 4. Nf3 Nc6 5. 0-0 Be7 6. c3 a5 7. Nbd2 0-0 8. e4 dxe4 9. dxe4 Qd3 10. Re1 Bc5 11. h3 Nh5 12. Nf1 Qxd1 13. Rxd1 Nf6 14. Ne1 Be6 15. Nd3 Rad8 16. Bg5 Bb6 17. Ne3 Rd7 18. Bxf6 gxf6 19. Nd5 Bxd5 20. exd5 Ne7 21. c4 Bd4 22. Nf4 b6 23. Rab1 Nf5 24. Nh5 Rd6 25. g4 Ne7 26. Ng3 f5 27. gxf5 Rf6 28. Be4 Nc8 29. b3 Nd6 30. Bc2 Rh6 31. Kg2 Kg7 32. Rd2 Kf6 33. Rf1 Rg8 34. Kh2 Rh4 35. Re2 Rg5 36. Be4 Rxg3 37. fxg3 Rxe4 38. Rxe4 Nxe4 39. g4 Nc3 40. a3 e4 41. Kg3 Ke5 42. Re1 Bc5 43. a4 e3 44. Kf3 e2 0-1

[Event "GER-ch 79th"]
[Site "Bad Woerishofen "]
[Date "2008.02.18"]
[Round "4"]
[White "Chevelevitch, Evgueni"]
[Black "Baramidze, David"]
[Result "1/2-1/2"]
[WhiteElo "2456"]
[BlackElo "2582"]
[PlyCount "51"]
[EventDate "2008.02.15"]
[EventType "swiss"]
[EventRounds "9"]
[EventCountry "GER"]
[SourceTitle "CBM 122 Extra"]
[Source "ChessBase"]
[SourceDate "2008.03.04"]
[SourceVersion "1"]
[SourceVersionDate "2008.03.04"]
[SourceQuality "1"]

1. e4 e5 2. Nf3 Nc6 3. Bb5 a6 4. Ba4 Nf6 5. 0-0 Be7 6. Re1 b5 7. Bb3 d6 8. c3 0-0 9. h3 Nb8 10. d4 Nbd7 11. Nbd2 Bb7 12. Bc2 Re8 13. Nf1 d5 14. exd5 exd4 15. Nxd4 Nxd5 16. Ne3 Nxe3 17. Bxe3 g6 18. Nb3 c5 19. Na5 Ra7 20. Nxb7 Rxb7 21. Qd5 Qc8 22. Rad1 Nb6 23. Qf3 Bf8 24. Bg5 Rd7 25. Rxe8 Qxe8 26. Rxd7 1/2-1/2